Indiaana; (Record no. 73330)

MARC details
000 -LEADER
fixed length control field 00668cam a22002291 4500
001 - CONTROL NUMBER
control field sa 67002617
003 - CONTROL NUMBER IDENTIFIER
control field DLC
005 - DATE AND TIME OF LATEST TRANSACTION
control field 20260227112332.0
008 - FIXED-LENGTH DATA ELEMENTS--GENERAL INFORMATION
fixed length control field 770509s1966 ii b 001 0 eng
010 ## - LIBRARY OF CONGRESS CONTROL NUMBER
LC control number sa 67002617
025 ## - OVERSEAS ACQUISITION NUMBER
Overseas acquisition number PL480:I-E-7302
035 ## - SYSTEM CONTROL NUMBER
System control number (OCoLC)2948393
040 ## - CATALOGING SOURCE
Original cataloging agency DLC
Transcribing agency OAU
Modifying agency OCoLC
-- DLC
042 ## - AUTHENTICATION CODE
Authentication code premarc
050 00 - LIBRARY OF CONGRESS CALL NUMBER
Classification number Z3206
Item number .S4
082 ## - DEWEY DECIMAL CLASSIFICATION NUMBER
Classification number 016.9154/03
100 1# - MAIN ENTRY--PERSONAL NAME
Personal name Sengupta, Benoyendra,
Dates associated with a name 1910-
245 10 - TITLE STATEMENT
Title Indiaana;
Remainder of title a select list of reference & representative books on all aspects of Indian life & culture.
260 ## - PUBLICATION, DISTRIBUTION, ETC.
Place of publication, distribution, etc. Calcutta,
Name of publisher, distributor, etc. World Press
Date of publication, distribution, etc. [1966]
300 ## - PHYSICAL DESCRIPTION
Extent xiv, 125 p.
Dimensions 22 cm.
651 #0 - SUBJECT ADDED ENTRY--GEOGRAPHIC NAME
Geographic name India
Form subdivision Bibliography.

No items available.

Powered by Koha